000 00649nam a22002057a 4500
999 _c171544
_d171544
005 20200115120707.0
010 _aENG-127426
020 _a9789353940362
_c645.00
035 _aEN-110958
037 _bDBAD/PUB
082 _a150.727
100 _aAron,Arthur
245 _aStatistics for Psychology/
_cby Arthur Aron,Elaine Aron[and]Elliot Coups
260 _aNOIDA
_bPearson India Education Services
_c2019
270 _a15th floor,Tower-B,World Trade Tower,Plot No.1,Block-C,sector 16
_bNOIDA
_e201301
300 _a729p.
_c25cm(pbk)
700 _aAron,Elaine
700 _aCoups,Elliot
942 _2ddc
_cEN
_h150.727
_mARO